[Event "KGZ-ch (Women)"]
[Site "Bishkek"]
[Date "2014.05.27"]
[Round "11"]
[White "Tilenbaev, Baktygul"]
[Black "Alymbay, Kyzy Aizhan"]
[Result "0-1"]
[WhiteElo "1922"]
[BlackElo "1836"]
[PlyCount "56"]
[EventDate "2014.06.07"]
[EventType "tourn"]
[EventRounds "11"]
[EventCountry "KGZ"]
[SourceTitle "EXT 2018"]
[Source "ChessBase"]
[SourceDate "2017.10.13"]
[SourceVersion "1"]
[SourceVersionDate "2017.10.13"]
[SourceQuality "1"]

1. d4 d5 2. Nf3 e6 3. Bf4 Nf6 4. e3 c6 5. Bd3 Be7 6. c3 0-0 7. Qc2 Nbd7 8. Ne5 c5 9. Nxd7 Bxd7 10. dxc5 Bxc5 11. Nd2 h6 12. Nf3 Rc8 13. Qb3 Bc6 14. 0-0-0 Qa5 15. Bc2 Ne4 16. Bg3 Be7 17. Nd4 Nc5 18. Bh7+ Kxh7 19. Qc2+ Kg8 20. Kb1 Qb6 21. f4 Ba4 22. b3 Ne4 23. Be1 Bb5 24. Nxb5 Qxb5 25. g4 Rc7 26. h4 Rfc8 27. Rd3 Bf6 28. Kb2 Nxc3 0-1

[Event "KGZ-ch (Women)"]
[Site "Bishkek"]
[Date "2014.05.17"]
[Round "1"]
[White "Esenbaeva, Alina"]
[Black "Tilenbaev, Baktygul"]
[Result "1/2-1/2"]
[WhiteElo "1693"]
[BlackElo "1922"]
[PlyCount "118"]
[EventDate "2014.06.07"]
[EventType "tourn"]
[EventRounds "11"]
[EventCountry "KGZ"]
[SourceTitle "EXT 2018"]
[Source "ChessBase"]
[SourceDate "2017.10.13"]
[SourceVersion "1"]
[SourceVersionDate "2017.10.13"]
[SourceQuality "1"]

1. d4 d5 2. c4 e6 3. Nc3 Nf6 4. cxd5 exd5 5. Nf3 c6 6. Bf4 Nbd7 7. e3 Be7 8. Bd3 Nh5 9. Bg3 Nxg3 10. hxg3 Nf6 11. Qc2 h6 12. Nh4 Qa5 13. Nf5 Bxf5 14. Bxf5 g6 15. Bd3 b5 16. Ke2 Qb6 17. Rac1 a6 18. f3 Rc8 19. g4 Kd7 20. Qb3 Qa7 21. g5 hxg5 22. Rxh8 Rxh8 23. Kf2 g4 24. Be2 gxf3 25. Bxf3 Bd6 26. Ne2 Re8 27. Qc2 Qc7 28. a3 Ne4+ 29. Ke1 f5 30. g4 Bg3+ 31. Kf1 Bd6 32. gxf5 gxf5 33. b4 Rg8 34. Rb1 Ke6 35. Rc1 Rc8 36. Nc3 Nxc3 37. Qxc3 Bg3 38. Qc2 Qh7 39. Qg2 Bb8 40. Bxd5+ Kf6 41. Rxc6+ Rxc6 42. Bxc6 Qf7 43. Qd5 Qxd5 44. Bxd5 Bc7 45. Ke2 a5 46. Kd3 axb4 47. axb4 Bg3 48. Kc3 Be1+ 49. Kb3 Bf2 50. Kc3 Bxe3 51. Bc6 Ke6 52. Bxb5 Kd6 53. Bc4 f4 54. b5 Bc1 55. Be2 Kc7 56. d5 Kb6 57. d6 f3 58. Bf1 Bf4 59. Bh3 f2 1/2-1/2